Vecinos, ciudadanos, diputados y municipios en los albores de Colombia. (Registro nro. 321327)

Detalles MARC
000 -ENCABEZADO
Número de control [NR] 02052nam a22002537a 4500
005 - FECHA Y HORA DE LA ÚLTIMA TRANSACCIÓN
control field 20220617123013.0
008 - DE LONGITUD FIJA DE DATOS DE ELEMENTOS - INFORMACIÓN GENERAL
Elementos de longitud fija [NR] 220614s2021 ck a|||fr|||| 001 0 spa d
020 ## - NUMERO INTERNACIONAL NORMALIZADO PARA LIBROS [R]
Número Internacional Normalizado del libro [NR] 9789585154155
040 ## - FUENTE DE CATALOGACION [NR]
Quien Cataloga Sandra Yazo
Quien Clasifica Sandra Yazo
041 ## - CODIGO DE IDIOMA [R]
Código de idioma para texto/pista de sonido o título separado [R] Español
082 ## - NUMERO DE CLASIFICACION DECIMAL DEWEY [R]
Número de la edición [NR] 20
Número de clasificación [R] 018
092 ## - SIGNATURA TOPOGRAFICA LOCAL
Número de clasificación local E63N124
100 1# - ASIENTO PRINCIPAL--NOMBRE PERSONAL [NR]
Nombre personal [NR] Almarza, Ángel Rafael
ID Autoridad 174985
245 10 - MENCION DE TITULO [NR]
Título [NR] Vecinos, ciudadanos, diputados y municipios en los albores de Colombia.
Parte restante del título [NR] De las juntas de Caracas y Quito al Congreso de la Villa del Rosario, 1810-1821.
260 ## - PUBLICACION, DISTRIBUCION, ETC. (PIE DE IMPRENTA) [R]
Lugar de publicación, distribución, etc. [R] Bogotá (Colombia)
Nombre del editor, distribuidor, etc. [R] Academia Colombiana de Historia
Fecha de publicación, distribución, etc. [R] 2021
300 ## - DESCRIPCION FISICA [R]
Extensión [R] 286 páginas
Dimensiones [R] 24 x 17 cm.
500 ## - NOTA GENERAL [R]
Nota general [NR] Detalles físicos: Encuadernación flexible, rustica e impresa en varias tintas. Texto impreso en una sola columna, algunas notas al pie de página, y algunoas ilustraciones entre el texto.
505 ## - NOTA DE CONTENIDO CON FORMATO PREESTABLECIDO [R]
Nota de contenido con formato preestablecido [NR] Nota editorial ; Preliminar ; Representación y participación política en Venezuela. Nuevos espacios, viejos procedimientos, 1808 – 1809 ; De vecinos a ciudadanos. Representación política en plena ruptura con la monarquía, 1870 – 1812 ; Soberanía popular, representación política y ciudadanía en la audiencia de Quito, 1810 – 1813 ; Restablecimiento del gobierno representativo en Venezuela ; El restablecimiento de la representación política. El segundo congreso de Venezuela de 1819 ; Edificando Colombia. De la constitución de 1819 a la Ley fundamental ; Legislación y reforma de los Albores de Colombia. Convocatoria, alocución y reglamento al congreso de 1821 ; Colombia en la provincia de Quito. Implantación del régimen de intendencias y reputación del régimen de intendencias republicanización del poder municipal (1821-1824) ; A manera de conclusión ; Bibliografía
506 ## - NOTA DE RESTRICCIONES DE ACCESO [R]
Condiciones de acceso [NR] Consulta en sala
586 ## - NOTA DE PREMIOS [R]
Nota de premios [NR] Primer premio nacional de historia "Bicentenario del Congreso Constituyente y Legislativo de Villa del rosario, 1821-2021"
650 #7 - ASIENTO SECUNDARIO DE MATERIA - TERMINO TEMATICO [R]
Fuente del encabezamiento o término [NR] Venezuela
Subdivisión general [R] Historia
9 (RLIN) 7695
700 1# - ASIENTO SECUNDARIO - NOMBRE PERSONAL [R]
Nombre personal [NR] Cabrera Hanna, Santiago
9 (RLIN) 174986
942 ## - ELEMENTOS DE ENTRADA AGREGADOS (KOHA)
Sistema de clasificación LOCAL
Tipo de ítem principal el descrito en 300a Libro
Edición 1
Clasificación E63N124
Existencias
Suprimido Perdido Sistema de clasificación Dañado No prestable Tipo de ítem específico Ubicación habitual Ubicación actual Localización Fecha de creación Forma de adquisición Costo Signatura topográfica Código de barras Última vez visto Ejemplar Price effective from Tipo de ítem
    LOCAL     Libro archivo Archivo Histórico Archivo Histórico Archivo histórico 14/06/2022 Donación 0.00 E63N124 L010736 14/06/2022 Ej.1 14/06/2022 Libro